Cuando comen los leones /

Guardado en:
Autor Principal: Smith, Wilbur
Formato: Libro
Publicado: Barcelona : Emecé, 1997
Materias:
Etiquetas: Agregar Etiqueta
Sin Etiquetas, Sea el primero en etiquetar este registro!
LEADER 00605nam a22002175a 4500
001 CEM.cems016905
005 20121123120724.0
008 130507s1997##################000#0#####d
003 CEMS
020 |a 8478883150 
082 0 4 |a 813.4 
100 1 |a Smith, Wilbur 
245 1 0 |a Cuando comen los leones /  |c Wilbur Smith 
260 |a Barcelona :  |b Emecé,  |c 1997 
300 |a 542 p. 
653 |a Literatura 
653 |a Literatura norteamericana 
653 |a Literatura eeuu 
653 |a Novelas 
653 |a Novela norteamericana 
859 |a CEMS  |b BIB. CEMS - Agricultura  |h 813.4  |i Sm511-1  |p A0119.00  |t Ej.1  |v 1  |3 Vol. 1